000
00281nmm a2200085Ia 4500
008
220120s9999||||xx |||||||||||||||||und||
100
_a
Spotts, M.F. Shoup, T.E. Hornberger, L.E. and Venkatesh, C.V
245
0
_a
Design of machine elements
260
_a
Tata mcgraw hill company Ltd
_c
2010
999
_c
139555
_d
139555